000 02984nam a22011537a 4500
003 PE-LiUPU
005 20250813185658.0
008 230928b |||||||| |||| 00| 0 spa d
020 _a9786123117658
040 _aPE-LiUPU
_bspa
_cPE-LiUPU
_erda
082 _223
_a347.3
_bC541l
100 _aChipana Catalán, Jhoel.
_92737
_d1985-
_eautor.
245 _aLos contratos civiles en la jurisprudencia de la Corte Supema /
_cJhoel Chipana Catalán.
250 _aPrimera edición.
264 _aLima :
_bGaceta Jurídica,
_c2020.
300 _a286 páginas :
_c25 centímetros.
504 _apáginas 273-274.
505 _aComentarios a la casación - Lima-- Comentarios a la casación - Huaura -- Comentarios a la casación -Ucayaly -- Lima Norte -- Lambayeque -- Cajamarca -- Del Santa -- La libertad -- Callao -- Tacna -- Arequipa -- Huancavelica -- Cusco -- San Martín.
526 _aP202
526 _aP201
526 _aP163
526 _aP162
526 _aP161
526 _aP160
526 _aP148
526 _aP147
526 _aP146
526 _aP145
526 _aP144
526 _aP143
526 _aP142
526 _aP141
526 _aP140
526 _aP139
526 _aP138
526 _aP137
526 _aP136
526 _aP135
526 _aP134
526 _aP133
526 _aP129
526 _aP128
526 _aP127
526 _aP120
526 _aP119
526 _aP118
526 _aP116
526 _aP115
526 _aP114
526 _aP110
526 _aP109
526 _aP108
526 _aP104
526 _aP103
526 _aP102
526 _aP99
526 _aP98
526 _aP97
526 _aP96
526 _aP95
526 _aP93
526 _aP90
526 _aP89
526 _aP88
526 _aP83
526 _aP82
526 _aP62
526 _aP59
526 _aP58
526 _aP57
526 _aP51
526 _aP49
526 _aP48
526 _aP47
526 _aP29
526 _aP24
526 _aP20
526 _aP19
526 _aP17
526 _aP15
526 _aP14
526 _aP12
526 _aP10
526 _aP09
526 _aP08
526 _aP07
526 _aP06
526 _aP05
526 _aP04
526 _aP01
556 _aE001-106 10444184961
_z9786123117658
610 0 _aPerú
_bCorte Suprema de Justicia
_v-Resoluciones
_92744
650 0 _aContratos comerciales
_x-Legislación
_x-Interpretación y aplicación
_z-Perú.
_92741
650 0 _aRecurso de casación
_v-Casos
_z-Perú.
_92742
650 0 _aDerecho civil (Obligaciones y contratos)
_x-Legislación
_z-Perú.
_92743
942 _2ddc
_cBK
_n0
980 _621515
_aDIGNA BRAÑES Analista Documental
_81
_gALBERTO SANCHEZ Responsable de Automatización
999 _c62014
_d62014